<?xml version="1.0" encoding="UTF-8"?>
<record
    xmlns:xsi="http://www.w3.org/2001/XMLSchema-instance"
    xsi:schemaLocation="http://www.loc.gov/MARC21/slim http://www.loc.gov/standards/marcxml/schema/MARC21slim.xsd"
    xmlns="http://www.loc.gov/MARC21/slim">

  <leader>01809nam a2200373 a 4500</leader>
  <controlfield tag="001">000043993</controlfield>
  <controlfield tag="003"> </controlfield>
  <controlfield tag="005">20260302124952.0</controlfield>
  <controlfield tag="007">ta</controlfield>
  <controlfield tag="008">140512s2014    dr a          000 0 spa d</controlfield>
  <datafield tag="020" ind1=" " ind2=" ">
    <subfield code="a">9789945583519</subfield>
  </datafield>
  <datafield tag="040" ind1=" " ind2=" ">
    <subfield code="a">DO-SdBPM</subfield>
    <subfield code="b">spa</subfield>
    <subfield code="c">BPMSU </subfield>
    <subfield code="d">rda</subfield>
  </datafield>
  <datafield tag="041" ind1=" " ind2=" ">
    <subfield code="h">spa</subfield>
  </datafield>
  <datafield tag="082" ind1="0" ind2="4">
    <subfield code="b">972.93</subfield>
    <subfield code="a">A353r 2022</subfield>
    <subfield code="2">22</subfield>
  </datafield>
  <datafield tag="100" ind1=" " ind2=" ">
    <subfield code="a">Alc&#xE1;ntara, Polanco , Guarionex</subfield>
    <subfield code="d">1979-</subfield>
    <subfield code="e">autor </subfield>
    <subfield code="4">aut. </subfield>
  </datafield>
  <datafield tag="245" ind1="1" ind2="0">
    <subfield code="a">Rep&#xFA;blica Dominicana la tierra de Dios :</subfield>
    <subfield code="b"> revelando el secreto con las evidencias hist&#xF3;ricas /</subfield>
    <subfield code="c">Guarionex Alc&#xE1;ntara ; Paula D&#xED;az  , pr&#xF3;logo </subfield>
  </datafield>
  <datafield tag="260" ind1=" " ind2=" ">
    <subfield code="c">2014.</subfield>
  </datafield>
  <datafield tag="264" ind1=" " ind2=" ">
    <subfield code="a">Santo Domingo, :</subfield>
    <subfield code="b">Santuario ,</subfield>
    <subfield code="b">Ministerio Gloria Postrera ,</subfield>
    <subfield code="c">2022</subfield>
  </datafield>
  <datafield tag="300" ind1=" " ind2=" ">
    <subfield code="a">167 p&#xE1;ginas :</subfield>
    <subfield code="b">ilustraciones. ;</subfield>
    <subfield code="c">23 cm.</subfield>
  </datafield>
  <datafield tag="336" ind1=" " ind2=" ">
    <subfield code="a">texto</subfield>
    <subfield code="b">txt</subfield>
    <subfield code="2">rdacontent</subfield>
  </datafield>
  <datafield tag="337" ind1=" " ind2=" ">
    <subfield code="a">sin mediaci&#xF3;n</subfield>
    <subfield code="b">n</subfield>
    <subfield code="2">rdamedia</subfield>
  </datafield>
  <datafield tag="338" ind1=" " ind2=" ">
    <subfield code="a">volumen</subfield>
    <subfield code="b">nc</subfield>
    <subfield code="2">rdacarrier</subfield>
  </datafield>
  <datafield tag="504" ind1=" " ind2=" ">
    <subfield code="a">Incluye referencias bibliogr&#xE1;ficas y notas al pie de las p&#xE1;ginas</subfield>
  </datafield>
  <datafield tag="504" ind1=" " ind2=" ">
    <subfield code="a">Bibliograf&#xED;as : p&#xE1;ginas157-162</subfield>
  </datafield>
  <datafield tag="505" ind1="0" ind2=" ">
    <subfield code="a"> </subfield>
  </datafield>
  <datafield tag="505" ind1="0" ind2=" ">
    <subfield code="a">Pr&#xF3;logo.</subfield>
  </datafield>
  <datafield tag="505" ind1="0" ind2=" ">
    <subfield code="a">Introducci&#xF3;n.</subfield>
    <subfield code="t">Cap&#xED;tulo I : </subfield>
    <subfield code="u">Dios " el autor de nuestra independencia.</subfield>
    <subfield code="t">Cap&#xED;tulo II : </subfield>
    <subfield code="u">El misterio de la Isla de Santo Domingo.</subfield>
    <subfield code="t">Cap&#xED;tulo III : </subfield>
    <subfield code="u">El misterio prof&#xE9;tico de un hombre llamado : Juan Pablo Duarte.</subfield>
    <subfield code="t">Cap&#xED;tulo IV : </subfield>
    <subfield code="u">Las verdades eternas del Padre en Juan Pablo (ideario incomprendido).</subfield>
    <subfield code="t">Cap&#xED;tulo V : </subfield>
    <subfield code="u">El misterio prof&#xE9;tico de la Trinitaria, el escudo y el himno Nacional Dominicanos.</subfield>
    <subfield code="t">Cap&#xED;tulo VI :</subfield>
    <subfield code="u"> El misterio del nombre.</subfield>
    <subfield code="t">Cap&#xED;tulo VII :  </subfield>
    <subfield code="u">El misterio prof&#xE9;tico de la etnia.</subfield>
  </datafield>
  <datafield tag="590" ind1=" " ind2=" ">
    <subfield code="a">Inventariado, 2026/VM</subfield>
  </datafield>
  <datafield tag="651" ind1=" " ind2="7">
    <subfield code="a">Rep&#xFA;blica Dominicana  </subfield>
    <subfield code="x">Historia </subfield>
  </datafield>
  <datafield tag="651" ind1=" " ind2="7">
    <subfield code="a">Rep&#xFA;blica Dominicana</subfield>
    <subfield code="x">Historia</subfield>
    <subfield code="x">Aspectos religiosos</subfield>
  </datafield>
  <datafield tag="700" ind1="1" ind2=" ">
    <subfield code="a">D&#xED;az, Paula,</subfield>
    <subfield code="e">pr&#xF3;logo </subfield>
  </datafield>
  <datafield tag="910" ind1=" " ind2=" ">
    <subfield code="a">VMateo V. Control de calidad. BPMSU </subfield>
  </datafield>
  <datafield tag="942" ind1=" " ind2=" ">
    <subfield code="2">ddc</subfield>
    <subfield code="c">BK</subfield>
  </datafield>
  <datafield tag="952" ind1=" " ind2=" ">
    <subfield code="0">0</subfield>
    <subfield code="1">0</subfield>
    <subfield code="2">ddc</subfield>
    <subfield code="7">0</subfield>
    <subfield code="8">CD</subfield>
    <subfield code="a">BPMET</subfield>
    <subfield code="b">BPMET</subfield>
    <subfield code="d">2026-03-02</subfield>
    <subfield code="l">0</subfield>
    <subfield code="o">BPMSU CD 972.93 A353r 2022</subfield>
    <subfield code="p">BPMSU26030007</subfield>
    <subfield code="r">2026-03-02</subfield>
    <subfield code="w">2026-03-02</subfield>
    <subfield code="y">BK</subfield>
  </datafield>
  <datafield tag="952" ind1=" " ind2=" ">
    <subfield code="0">0</subfield>
    <subfield code="1">0</subfield>
    <subfield code="2">ddc</subfield>
    <subfield code="7">0</subfield>
    <subfield code="8">CD</subfield>
    <subfield code="a">BPMET</subfield>
    <subfield code="b">BPMET</subfield>
    <subfield code="d">2026-03-02</subfield>
    <subfield code="l">0</subfield>
    <subfield code="o">BPMSU CD 972.93 A353r 2022</subfield>
    <subfield code="p">BPMSU26030008</subfield>
    <subfield code="r">2026-03-02</subfield>
    <subfield code="t">e.2</subfield>
    <subfield code="w">2026-03-02</subfield>
    <subfield code="y">BK</subfield>
  </datafield>
  <datafield tag="999" ind1=" " ind2=" ">
    <subfield code="c">15741</subfield>
    <subfield code="d">15741</subfield>
  </datafield>
</record>
